书目信息 |
| 题名: |
高等沥青路面设计理论与方法
|
|
| 作者: | 黄卫 , 钱振东 著 | |
| 分册: | ||
| 出版信息: | 北京 科学出版社 2001.03 |
|
| 页数: | 536页 | |
| 开本: | 20cm | |
| 丛书名: | ||
| 单 册: | ||
| 中图分类: | U , U416.217 | |
| 科图分类: | ||
| 主题词: | 道路工程 | |
| 电子资源: | ||
| ISBN: | 7-03-008904-9 | |
| 000 | 00653nam0 2200217 45 | |
| 001 | 0356081438 | |
| 005 | 2003010715344143 | |
| 010 | @a7-03-008904-9@dRMB 35.00 | |
| 100 | @a20030107d2001 km y0chiy0120 ea | |
| 101 | 0 | @achi |
| 102 | @aCN@b110000 | |
| 200 | 1 | @a高等沥青路面设计理论与方法@Agao deng li qing lu mian she ji li lun yu fang fa@f黄卫,钱振东著@Fhuang wei,qian zhen dong zhu |
| 210 | @a北京@c科学出版社@d2001.03 | |
| 215 | @a536页@d20cm | |
| 606 | 0 | @a道路工程 |
| 690 | @aU@v3 | |
| 690 | @aU416.217@v4 | |
| 701 | 0 | @a黄卫@Ahuang wei@4著 |
| 701 | 0 | @a钱振东@Aqian zhen dong@4著 |
| 801 | 0 | @aCN@bPFT@c20030107 |
| 905 | @a10447@dU416.217@eH893 | |
| 高等沥青路面设计理论与方法/黄卫,钱振东著.-北京:科学出版社,2001.03 |
| 536页;20cm |
| ISBN 7-03-008904-9:RMB 35.00 |
| ● |
| 相关链接 |
|
|
|
正题名:高等沥青路面设计理论与方法
索取号:U416.217/H893
 
预约/预借
| 序号 | 登录号 | 条形码 | 馆藏地/架位号 | 状态 | 备注 |
| 1 | 368198 | 203681989 | 自科库501/501自科库 53排3列1层/ [索取号:U416.217/H893] | 在馆 | |
| 2 | 368199 | 203681998 | 自科库501/501自科库 53排3列1层/ [索取号:U416.217/H893] | 在馆 | |
| 3 | 368200 | 203682005 | 自科库501/501自科库 53排3列1层/ [索取号:U416.217/H893] | 在馆 |